On This Day: April 14th II Quiz Stats

 Plays Quiz Updated Apr 14, 2018

Score 0/7 Timer 03:00
0 Plays Today
Question Answer Wrong Answers
US President Abraham Lincoln is shot in this theater by John Wilkes Booth. He dies the next day.
1865
Ford's Theatre
95.4%
Warner Theatre
1.3%
Crossroads Theatre
1.3%
Fox Theatre
2%
The Black Sunday storm, considered one of the worst storms of the ______, sweeps across the Oklahoma and Texas panhandles.
1935
Dust Bowl
91%
Sand Basin
2.2%
Ash Valley
2.1%
Dirt Depression
3.9%
This American actress, who gained widespread recognition for her portrayal of Buffy Summers on the WB series ‘Buffy the Vampire Slayer’, is born.
1977
Sarah Michelle Gellar
87.7%
Reese Witherspoon
3.3%
Jennifer Love Hewitt
6%
Alyson Hannigan
1.8%
This Venezuelan President returns to office two days after being ousted and arrested by the country’s military.
2002
Hugo Chávez
79.1%
Evo Morales
3.7%
Raúl Castro
2.9%
Daniel Ortega
12.7%
Thousands demonstrate in Tbilisi against Soviet attempts to change the constitutional status of the ______ language.
1978
Georgian
72.7%
Czech
10.1%
Hungarian
4.3%
Slovenian
11.6%
This international scientific research project is declared complete, less than 15 years after it is formally launched.
2003
Human Genome Project
66.9%
Manhattan Project
9.1%
Large Hadron Collider
20.5%
Ocean Networks Canada
1.7%
Known as the Adana massacre, supporters of the Sultan massacre thousands of ______ Christians living in Cilicia in the Ottoman Empire.
1909
Armenian
66.8%
Italian
9.8%
Iraqi
5.5%
Syrian
17.5%

You're not logged in!

Compare scores with friends on all Sporcle quizzes.
OR
Log In

Sporcle TV

Today on Sporcle TV


Watch our educational content, quiz creation guides, and fun videos on Sporcle TV.

Show Comments

Extras

Top Quizzes Today


Score Distribution

Your Account Isn't Verified!

In order to create a playlist on Sporcle, you need to verify the email address you used during registration. Go to your Sporcle Settings to finish the process.

Report this User

Report this user for behavior that violates our Community Guidelines.

Details: